Normal view
MARC view
- LEND ME YOUR EARS.GREAT SPEECHES IN HISTORY
Entry Topical Term
001 - CONTROL NUMBER
- control field: 64436
003 - CONTROL NUMBER IDENTIFIER
- control field: NUST
005 - DATE AND TIME OF LATEST TRANSACTION
- control field: 20210628203254.0
008 - FIXED-LENGTH DATA ELEMENTS
- fixed length control field: 210628|| aca||aabn | a|a d
040 ## - CATALOGING SOURCE
- Original cataloging agency: NUST
- Transcribing agency: NUST
150 ## - HEADING--TOPICAL TERM
- Topical term or geographic name entry element: LEND ME YOUR EARS.GREAT SPEECHES IN HISTORY
670 ## - SOURCE DATA FOUND
- Source citation: Work cat.: (NUST): Safire, William 64435, Lend me your ears , great speeches in history, 2004
